000 00778nam a22002177a 4500
005 20251108164229.0
008 250721s1999 xx 000 0 ara d
082 1 4 _a327.112/خزا
100 1 _aأبو خزام، إبراهيم
245 1 0 _aالحروب و توازن القوى :
_bدراسة شاملة لنظرية توازن القوى و علاقتها الجدلية بالحرب و السلام /
264 1 _aعمان :
_bالأهلية للنشر و التوزيع،
_c1999.
300 _a349ص.
650 1 7 _aتوازن القوى
650 1 7 _aالقوى العظمى
650 1 7 _aسباق التسلح
650 1 7 _aالحرب
650 1 7 _aالعلاقات الدولية
650 1 7 _aالصراع الدولي
942 _2ddc
_cBK
999 _c6964
_d6964